Digits of Pi - Roman Numerals - Statistics

General Stats
  • This quiz has been taken 1,755 times
  • The average score is 9 of 50
Answer Stats
Digit % Correct
III.
99%
I
97%
IV
91%
I
86%
V
84%
IX
70%
II
62%
VI
56%
V
49%
III
43%
V
38%
VIII
30%
IX
24%
VII
20%
IX
17%
III
14%
II
13%
III
12%
VIII
8%
IV
6%
II
4%
VI
4%
VI
3%
III
2%
III
2%
IV
2%
II
1%
III
1%
V
1%
VIII
1%
I
0%
I
0%
I
0%
II
0%
III
0%
III
0%
IV
0%
IX
0%
IX
0%
IX
0%
IX
0%
IX
0%
Nulla
0%
Nulla
0%
V
0%
VII
0%
VII
0%
VII
0%
VIII
0%
VIII
0%
No matching quizzes found
Score Distribution
Percent of People with Each Score
Percentile by Number Answered
Your Score History
You have not taken this quiz